[Event "IND-ch U17 Girls"]
[Site "Bengaluru"]
[Date "2015.10.10"]
[Round "10"]
[White "Sreelakshmi, M Sunilkumar"]
[Black "Varsha, CR."]
[Result "0-1"]
[WhiteElo "1553"]
[BlackElo "1687"]
[PlyCount "66"]
[EventDate "2015.10.03"]
[EventType "swiss"]
[EventRounds "11"]
[EventCountry "IND"]
[SourceTitle "CBM 168 Extra"]
[Source "ChessBase"]
[SourceDate "2015.10.29"]
[SourceVersion "1"]
[SourceVersionDate "2015.10.29"]
[SourceQuality "1"]

1. e4 c5 2. Nf3 d6 3. d4 cxd4 4. Nxd4 Nf6 5. Nc3 a6 6. Bg5 e6 7. f4 Be7 8. Qf3 Qc7 9. 0-0-0 Nbd7 10. g4 b5 11. Bxf6 Nxf6 12. g5 Nd7 13. a3 Rb8 14. h4 b4 15. axb4 Rxb4 16. Bh3 Qc5 17. Nb3 Qb6 18. f5 Ne5 19. Qe2 0-0 20. Rdf1 a5 21. f6 Bd8 22. fxg7 Re8 23. Qf2 Rxb3 24. g6 hxg6 25. Qg2 Rxb2 26. h5 g5 27. h6 Kh7 28. Bg4 Nd3+ 29. Kd2 Rxc2+ 30. Kxc2 Qb2+ 31. Kxd3 Ba6+ 32. Ke3 Qxc3+ 33. Kf2 Bb6# 0-1

[Event "IND-chB (Women) 41st"]
[Site "Mapusa"]
[Date "2014.09.07"]
[Round "1"]
[White "Lakshmi, Praneetha K"]
[Black "Sreelakshmi, M Sunilkumar"]
[Result "1-0"]
[WhiteElo "2005"]
[BlackElo "1279"]
[PlyCount "57"]
[EventDate "2014.09.07"]
[EventType "swiss"]
[EventRounds "11"]
[EventCountry "IND"]
[SourceTitle "CBM 162 Extra"]
[Source "ChessBase"]
[SourceDate "2014.10.17"]
[SourceVersion "1"]
[SourceVersionDate "2014.10.17"]
[SourceQuality "1"]

1. e4 c5 2. Nc3 Nc6 3. f4 d6 4. Nf3 g6 5. Bc4 Na5 6. Be2 Bg7 7. 0-0 Nf6 8. d3 0-0 9. Bd2 Nc6 10. Qe1 Nd7 11. f5 Nde5 12. Ng5 h6 13. Nh3 Nd4 14. Qh4 g5 15. Qh5 Nxc2 16. Rac1 Nb4 17. Nf2 e6 18. Ng4 Nxg4 19. Qxg4 exf5 20. exf5 Qf6 21. Qf3 Bd7 22. Ne4 Qxb2 23. f6 Bh8 24. Qh5 Qd4+ 25. Kh1 Kh7 26. Nxg5+ Kg8 27. Qxh6 Rfd8 28. Qh7+ Kf8 29. Qxh8# 1-0